000 00464 a2200157 4500
005 20250318085020.0
020 _a978-0-07-353328-5
082 _a415 LAN
100 _aLANGAN, J.
245 _aExploring Writing: Sentences and Paragraphs.
250 _a2nd Ed.
260 _aboston
_bMcgraw- Hill Companies,Inc,
_c2008
300 _axxv, 606p. pictures
_bappendix, index,
_c28cm
856 _yaccess online book
_fExploring Writing.
_dwww. mhhe.com
942 _2ddc
_cBKS
999 _c867
_d867